| 000 | 00977nam a2200205 a 4500 | ||
|---|---|---|---|
| 001 | 46917 | ||
| 005 | 20180714030653.0 | ||
| 008 | 140415s2002 sp 000 0 spa d | ||
| 020 | _a8427713789 | ||
| 041 | _aspa | ||
| 082 |
_a378 _bGAR |
||
| 100 | 1 | _aGARCIA ROCA, JOAQUIN | |
| 245 | 1 | 0 |
_aJOVENES, UNIVERSIDAD Y COMPROMISO SOCIAL : _bUNA EXPERIENCIA DE INSERCIÓN COMUNITARIA |
| 250 | _a1a ed. | ||
| 260 |
_aESPAÑA : _bNARCEA, S. A. DE EDICIONES, _c2002 |
||
| 300 |
_a416 _c23 x 15 x 1.2 |
||
| 520 | _aESTE LIBRO MUESTRA LA FECUNDIDAD DE LA ALIANZA ENTRE UNIVERSIDAD Y LOS MARGINALIZADOS, ENTRE LOS LLAMADOS TERCER Y CUARTO MUNDOS. DESDE LA EXPERIENCIA CONCRETA DE UN PROYECTO DE INSERCIÓN COMUNITARIA CON RAÍCES EN LA COMUNIDAD UNIVERSITARIA, EL LIBRO HACE UNA APORTACIÓN AL DEBATE SOBRE EL DESTINO Y EL FUTURO DE LA UNIVERSIDAD. | ||
| 650 | 1 | 4 |
_aCOMUNIDAD Y UNIVERSIDAD _xUNIVERSIDADES _xASPECTOS SOCIALES |
| 700 | 1 |
_aMONDAZA CANAL, GUILLERMO _ecoaut. |
|
| 999 |
_c46917 _d46917 |
||